000 004230000a22001690004500
003 LK-CoMWRAF
008 230817t ||||| |||| 00| 0 eng d
040 _aLK-CoMWRAF
_dLK-CoMWRAF
_eLK-CoMWRAF
041 _aeng
082 _a150
_bMOH
100 _aMohamed, Abulhasan
245 _aNilaiyana Valvukku Vali
_b
260 _aVeligamum
_bIslamiya Pirachara Saphai
_c1982
300 _ap.42
650 _aIslam
942 _cBK
999 _c2711
_d2711